000
00202 a2200097 4500
020
_a
013429905368
041
_a
spa
100
_a
Moises Salama B
245
_a
El LObo y los siete Cabritillos
942
_c
K
999
_c
30469
_d
30467